000 00662cam a2200157 4500
001 WS118805
008 020712n 000 0 eng u
035 _a(Sirsi) u118805
245 _aMinerals Engineering International Online
520 _aWeb site which describes itself as 'the largest online source of information for mineral processors and extractive metallurgists'. Includes pages of news on products, people and plant operations and gives details of new patents.
650 _aQUARRYING
650 _aMINERALS EXTRACTION
690 _aMINERALS
856 4 0 _uhttps://www.min-eng.com
_zView the website free of charge at www.min-eng.com...
942 _n0
999 _c120088
_d120088